000 00477nam a2200181Ia 4500
008 240925s9999 xx 000 0 und d
020 _aNA
082 _a621.815 SHA
100 _aShahane -
245 0 _aSolutions of University Problems in Machine design(M K S )
250 _aNA
260 _aBombay:
_bEngineering Book
_cNA
300 _axviii,404p.
_bNA
_fPirated
500 _aIncludes Index
600 _aElectronic Engineering
650 _aTechnology
942 _cBK
999 _c9179
_d9179